| 000 | 00660 a2200217 4500 | ||
|---|---|---|---|
| 005 | 20251218103101.0 | ||
| 008 | 251218b |||||||| |||| 00| 0 eng d | ||
| 020 |
_a9789381496800 _cRs. 3595.00 |
||
| 040 | _aMAIN | ||
| 082 |
_a616.075 _bG546T(4) |
||
| 100 | _aGodkar, Praful B | ||
| 245 | _aTextbook of medical laboratory technology: Clinical laboratory science and molecular diagnosis, 2V. | ||
| 250 | _a4th | ||
| 260 |
_bBhalani Publishing House _c2024 _aMumbai |
||
| 300 | _axxxii, 1886 | ||
| 650 | _aMedical Laboratory Technology | ||
| 650 | _aClinical Laboratory | ||
| 650 | _aMolecular Diagnosis | ||
| 700 | _aGodkar, Darshan P | ||
| 942 | _cBK | ||
| 999 |
_c393665 _d393665 |
||